| 000 | 00446nam a2200157Ia 4500 | ||
|---|---|---|---|
| 008 | 231217s9999 xx 000 0 und d | ||
| 041 | _aEnglish | ||
| 082 | _a621.380414 RAM;4 | ||
| 100 | _aRamaswami, Rajiv Sivarajan, Kumar N | ||
| 245 | 0 | _aOptical networks : A practical perspective | |
| 250 | _a2nd ed. | ||
| 260 |
_c2002 _bMorgan Kaufmann, _aSan Francisco |
||
| 300 | _axxix+831 | ||
| 650 | _aOptical,networks,:,practical | ||
| 942 | _cAA | ||
| 999 |
_c175736 _d175736 |
||